000 00263nam a2200109Ia 4500
008 190906s9999||||xx |||||||||||||| ||und||
100 _aAlan Etherton
245 0 _aGeneral Certificate English
260 _aIndia
_bMcGraw Hill
_c2001
300 _a344
942 _cBK
999 _c6211
_d6211